Zwycięzcy w sezonie 2012/2013 skoki narciarskie - Statystyki

Ogólne statystyki
  • Ten quiz został rozwiązany 117 razy
  • Średni wynik to 4 z 5
Statystyki odpowiedzi
Zawodnik / Reprezentacja % Poprawnych
Puchar Narodów Norwegia
97%
Puchar Świata Gregor Schlierenzauer
84%
FIS Team Tour Norwegia
83%
61 Turniej Czterech Skoczni Gregor Schlierenzauer
81%
Loty narciarskie Gregor Schlierenzauer
78%
Nie znaleziono quizów pasujących do podanych kryteriów
Rozkład punktacji
Procent ludzi z każdym wynikiem
Percentyl według liczby udzielonych odpowiedzi
Twoja historia wyników
Nie rozwiązałeś tego quizu